| 000 | 00711nam a2200229 4500 | ||
|---|---|---|---|
| 003 | OSt | ||
| 005 | 20240702063702.0 | ||
| 006 | a | ||
| 008 | 240702b |||||||| |||| 00| 0 eng d | ||
| 020 | _a9780470903186 | ||
| 040 |
_aDWCL-Main lib. _cOC |
||
| 082 |
_2Ninth edition _aCirc. 510.243 M994m 2011 |
||
| 100 | _aMusser, Gary L. | ||
| 245 | _aMathematics for elementary teachers / | ||
| 250 | _aNinth edition | ||
| 260 |
_aNew Jersey : _bJohn, Wiley & Sons, Inc. , _cc2011 |
||
| 300 |
_av-xxvi, _b944 p. : col. ill. ; _c25 cm. |
||
| 504 | _aIncludes index. | ||
| 650 | _a1. Mathematics. | ||
| 650 | _a2. Mathematics-Study and teaching ( Elementary ). | ||
| 942 |
_2ddc _n0 _cBK-CIRC _eNinth edition _kCirc. |
||
| 999 |
_c1802 _d1802 |
||